00318nam a22001097a 4500020000800000040001600008082001800024100002800042245006400070260003800134300003600172 qPB. cFizza Ishaq a917.5256bELI aAnderson, B. Elizabeth. aAnnapolis: A Walk Through History /cElizabeth B. Anderson. aNew York :bTidewater Pub,c1984. a151 p, ;c6 x 0.5 x 7.75 inches